书目信息 |
| 题名: |
当代中国的农垦事业
|
|
| 作者: | 《当代中国的农垦事业》编辑部编 | |
| 分册: | ||
| 出版信息: | 北京 中国社会科学出版社 1986 |
|
| 页数: | 530页 | |
| 开本: | 20cm | |
| 丛书名: | 当代中国丛书 | |
| 单 册: | ||
| 中图分类: | F324.1 , Z121.7 | |
| 科图分类: | ||
| 主题词: | 农垦地区-农业经济--中国 , 农业经济-农垦地区--中国 , 丛书--中国 | |
| 电子资源: | ||
| ISBN: | ||
| 000 | 00829nam2 2200301 45 | |
| 001 | 0186018392 | |
| 005 | 20040519085110.6 | |
| 010 | @dCNY8.20 | |
| 091 | @a17190.099 | |
| 100 | @a19900726d1986 kemy0chiy0121 ea | |
| 101 | 0 | @achi |
| 102 | @aCN@b110000 | |
| 105 | @aak z 001yd | |
| 106 | @ar | |
| 200 | 10 | @a当代中国的农垦事业@Adang dai zhong guo de nong ken shi ye@f《当代中国的农垦事业》编辑部编 |
| 210 | @a北京@c中国社会科学出版社@d1986 | |
| 215 | @a530页@c彩照@d20cm | |
| 225 | 2 | @a当代中国丛书 |
| 300 | @a附: 人名索引 | |
| 410 | 0 | @120010@a当代中国丛书 |
| 606 | @a农垦地区-农业经济@y中国 | |
| 606 | @a农业经济-农垦地区@y中国 | |
| 606 | 0 | @a丛书@x中国 |
| 690 | @aF324.1@v3 | |
| 690 | @aZ121.7 | |
| 801 | 0 | @aCN@b深圳图书馆@c20040519 |
| 801 | 2 | @aCN@bNLC@c20040519 |
| 905 | @f1@b253657@dZ121.7@e34:13 | |
| 当代中国的农垦事业/《当代中国的农垦事业》编辑部编.-北京:中国社会科学出版社,1986 |
| 530页:彩照;20cm.-(当代中国丛书) |
| 附: 人名索引 |
| ISBN :CNY8.20 |
| ● |
| 相关链接 |
|
|
|
|
正题名:当代中国的农垦事业
索取号:Z121.7/34:13
 
预约/预借
| 序号 | 登录号 | 条形码 | 馆藏地/架位号 | 状态 | 备注 |
| 1 | 0253657 | 000430705 | 第三借阅区/ [索取号:Z121.7/34:13] | 在馆 | |
| 2 | 0253658 | 001562785 | 第二样本阅览室/ [索取号:Z121.7/34:13] | 在馆 |